<?xml version="1.0" encoding="UTF-8"?>
<marc:record xmlns:marc="http://www.loc.gov/MARC21/slim">
   <marc:leader>00000nam a2200000 a 4500</marc:leader>
   <marc:datafield ind1="1" ind2=" " tag="100">
      <marc:subfield code="a">Steckelmann, Petra</marc:subfield>
      <marc:subfield code="4">edt</marc:subfield>
      <marc:subfield code="e">Bearbeiter/-in</marc:subfield>
   </marc:datafield>
   <marc:datafield ind1="1" ind2=" " tag="100">
      <marc:subfield code="a">Kawamura, Yayo</marc:subfield>
      <marc:subfield code="4">ill</marc:subfield>
      <marc:subfield code="e">Illustrator/-in</marc:subfield>
   </marc:datafield>
   <marc:datafield ind1="0" ind2="0" tag="245">
      <marc:subfield code="a">Lieblingsgeschichten für kleine Helden</marc:subfield>
   </marc:datafield>
   <marc:datafield ind1=" " ind2="1" tag="264">
      <marc:subfield code="a">Hamburg</marc:subfield>
      <marc:subfield code="b">Ellermann im Dressler Verlag GmbH</marc:subfield>
      <marc:subfield code="c">2015</marc:subfield>
   </marc:datafield>
   <marc:datafield ind1="1" ind2=" " tag="520">
      <marc:subfield code="a">Angaben aus der Verlagsmeldung

Lieblingsgeschichten für kleine Helden

Sternenhaft schön und helfend gut.

Diese liebevoll zusammengestellte Anthologie entstand in Kooperation mit beliebten Kinderbuch-Autoren. Rund um das Thema Kindsein schenkt das Buch den Kindern und Familien Momente der Ruhe, Geborgenheit, Freude und Fantasie. Voller lustiger, fröhlicher, warmherziger und nachdenklicher Geschichten, u. a. von: Isabel Abedi, Kirsten Boie, Cornelia Funke, Astrid Lindgren, Paul Maar, Antonia Michaelis, Petra Steckelmann.

Ein Projekt vom ellermann Verlag und Petra Steckelmann als Herausgeberin für das Kinder-Hospiz Sternenbrücke in Hamburg. Mit jedem verkauften Buch wird Euro 1 ,- gespendet an die Menschen, die »den Tagen mehr Leben geben«.
In dem Buch enthalten sind neue Geschichten vieler bekannter Autoren - besonderes Highlight: »Die Brücke« von Cornelia Funke.
</marc:subfield>
   </marc:datafield>
   <marc:datafield ind1=" " ind2=" " tag="020">
      <marc:subfield code="a">9783770740239</marc:subfield>
      <marc:subfield code="9">9783770740239</marc:subfield>
   </marc:datafield>
   <marc:datafield ind1=" " ind2=" " tag="041">
      <marc:subfield code="a">ger</marc:subfield>
   </marc:datafield>
   <marc:datafield ind1=" " ind2=" " tag="300">
      <marc:subfield code="a">122 Seiten</marc:subfield>
   </marc:datafield>
</marc:record>
